[Event "36th Zalakaros Festival 2017"]
[Site "Zalakaros"]
[Date "2017.05.24"]
[Round "7"]
[White "Plenca, Jadranko"]
[Black "Rahul Srivatshav P"]
[Result "1-0"]
[WhiteElo "2446"]
[BlackElo "2303"]
[Annotator "TA"]
[PlyCount "73"]
[EventDate "2017.??.??"]
[EventType "swiss"]
[EventCountry "HUN"]
[SourceTitle "playchess.com"]
[Source "ChessBase"]
[SourceQuality "1"]

{[%evp 16,73,12,4,1,-3,0,0,0,-2,0,-7,-8,0,0,0,-5,-34,-33,-29,-25,-43,0,-90,-83,-78,-89,-65,106,-36,-44,-34,-40,-50,-51,-43,-49,-110,-56,-58,-54,-63,0,0,0,0,0,8,604,620,609,598,609,594,584,457,722,723,662,408]} 1. e4 c5 2. Nf3 e6 3. c3 Nf6 4. e5 Nd5 5. Bc4 d6 6. d4 cxd4 7. cxd4 Be7 8. O-O {B22: Sicilian: 2 c3} O-O 9. a3 {LiveBook: 7 Games} Bd7 10. Bd3 $146 {The position is equal.} ({Predecessor:} 10. Qe2 Bc6 11. Bd2 Nd7 12. Nc3 dxe5 13. Bxd5 exd5 14. dxe5 Nc5 15. Be3 Ne4 {1-0 (24) Kryvoruchko,Y (2628)-Pavlovic,M (2537) Kavala 2008}) 10... dxe5 11. dxe5 Re8 12. Qc2 g6 13. Bh6 Bc6 14. Nbd2 Nd7 15. b4 {Threatens to win with b5.} Rc8 16. Qb3 a5 {[%cal Ra5b4]} 17. b5 Nc5 18. Qc2 $1 Bd7 ({But not} 18... Nxd3 $6 19. Qxd3 Bd7 20. Ne4 $14) 19. Be2 {[#]} (19. Bc4 $11) 19... Na4 $1 $17 {[%mdl 512]} 20. Qxa4 Nc3 $1 {[%csl LRa4,LRe2]} 21. Qb3 Nxe2+ 22. Kh1 {[#]} a4 $1 {[%cal Ra4b3][%mdl 512]} 23. Qxa4 Nc3 24. Qb3 Bxb5 25. Rfc1 Qa5 26. Nd4 {[#]} (26. h3 $15) 26... Ba6 (26... Ba4 $1 $17 {[%cal Ra4b3]} 27. Qb2 Qxe5) 27. N2f3 $15 {Bd2 is the strong threat.} Nd5 28. a4 Nb4 (28... Qb4 $15) 29. Nxe6 $1 $11 Nd3 30. Neg5 Bxg5 $1 31. Nxg5 $40 {[%mdl 128] White is up to no good.} Bc4 $2 {[%mdl 8192]} (31... Rc7 $11 32. Rxc7 Qxc7) 32. Rxc4 $18 {White is clearly winning.} Qxe5 {[#] ( -> ...Qe1+!)} 33. Rf1 $1 {Intending Rxc8 and mate.} Qe2 {[%cal Re2f1] [#]} 34. Rcc1 $1 {[%mdl 512]} Rc7 (34... Rxc1 35. Qxf7+) 35. Rb1 Rc4 (35... Rd7 $142 36. Qb6 Qh5) 36. Kg1 Nc5 37. Qf3 {Precision: White = 63%, Black = 67%.} 1-0

[Event "36th Zalakaros Festival 2017"]
[Site "Zalakaros"]
[Date "2017.05.24"]
[Round "7"]
[White "Munkhgal, Gombosuren"]
[Black "Beletic, Daniel"]
[Result "1/2-1/2"]
[WhiteElo "2445"]
[BlackElo "2315"]
[Annotator "TA"]
[PlyCount "101"]
[EventDate "2017.??.??"]
[EventType "swiss"]
[EventCountry "HUN"]
[SourceTitle "playchess.com"]
[Source "ChessBase"]
[SourceQuality "1"]

{[%evp 29,101,64,50,20,17,9,18,-26,0,-59,-63,-89,-87,-86,-64,-78,-78,-143,-151,-150,-147,-142,-146,-154,-158,-193,-200,-191,-187,-195,-192,-207,-173,-173,-174,-191,-166,-217,-183,-175,-162,-242,-246,-260,-264,-508,-311,-605,-411,-424,-317,-536,-535,-504,-522,-702,-675,-704,-661,-614,-333,-364,0,0,0,0,0,0,0,0,0,0,0,0]} 1. d4 d6 2. Nf3 g6 3. g3 Bg7 4. Bg2 Nf6 5. O-O O-O 6. c4 Nbd7 7. Nc3 e5 8. e4 exd4 9. Nxd4 Re8 10. h3 a6 11. Be3 Rb8 12. a4 a5 13. Qc2 c6 14. Rad1 Qe7 15. Rfe1 Nc5 {[%cal Bd7c5,Bc5a6,Ba6b4][%mdl 32]} 16. Bf4 {[#] Hoping for Nb3. E68: King's Indian: Fianchetto: 6...Nbd7 7 0-0 e5 8 e4} Nfd7 17. Nb3 (17. Ndb5 $5 Ne5 18. Nxd6 $14) 17... Ne5 18. Nxa5 {[#]} Qc7 $146 ({Predecessor:} 18... Ra8 19. b4 Na6 20. b5 Nb4 21. Qb1 c5 22. Nb3 Nxc4 23. Nd5 Nxd5 24. exd5 {½-½ (31) Vignesh,N (2440)-Amonatov,F (2602) Urmia 2016}) 19. b4 (19. Nb3 $11) 19... Na6 $1 $15 {[%cal Ra6b4]} 20. Qb1 b6 21. Nb3 Nxb4 22. Nd4 Na6 $36 {[%mdl 2048] Black is really pushing.} 23. Bxe5 (23. Qa2 $142) 23... dxe5 $17 ({Much less strong is} 23... Rxe5 24. Re2 $17) 24. Nb3 Be6 25. Bf1 Bf8 26. Na2 Ra8 27. Nc3 Nc5 28. Nxc5 Bxc5 29. Qc2 Rf8 30. Rd2 f6 31. Kg2 Qg7 32. Red1 Kh8 33. Qb3 (33. Kh2 $142) 33... f5 34. exf5 gxf5 ({Resist} 34... Bxf5 35. g4 $17) 35. Kh2 (35. Kh1 {keeps fighting.}) 35... Rg8 $19 36. Bg2 e4 {[%cal Be5e4,Be4e3,Be3f2][%mdl 32]} 37. g4 $2 (37. Rc2) 37... b5 {[%cal Bb6b5,Bb5b4][%mdl 32]} 38. Bf1 $2 (38. Ne2 Rxa4 39. Ng3) 38... b4 39. Ne2 Bxf2 40. Nf4 $2 (40. Qxb4 fxg4 41. Qc3) 40... e3 41. Rxf2 exf2 42. Qe3 Bf7 43. Rd7 Qf6 44. gxf5 Rxa4 45. Ng6+ {[#]} Bxg6 $2 (45... Rxg6 $1 $19 46. fxg6 Bxg6) 46. fxg6 $11 {The position is equal.} Rxg6 47. Qe8+ $1 Rg8 48. Qe4 {[%csl Ge4][%cal Rd7h7]} Rg7 49. Qe8+ Rg8 {( -> ...Qf4+)} 50. Qe4 {[%csl Ge4][%cal Rd7h7]} Rg7 51. Qe8+ {Precision: White = 29%, Black = 68%.} 1/2-1/2

[Event "36th Zalakaros Festival 2017"]
[Site "Zalakaros"]
[Date "2017.05.24"]
[Round "7"]
[White "Ikeda, Junta"]
[Black "Horvath, Dominik"]
[Result "1-0"]
[WhiteElo "2412"]
[BlackElo "2275"]
[Annotator "TA"]
[PlyCount "63"]
[EventDate "2017.??.??"]
[EventType "swiss"]
[EventCountry "HUN"]
[SourceTitle "playchess.com"]
[Source "ChessBase"]
[SourceQuality "1"]

{[%evp 18,63,16,-4,0,0,-8,-9,0,-17,0,-36,-40,-40,0,0,0,-8,0,0,0,0,221,221,187,-48,-64,-99,-86,-200,-75,-91,-93,-239,-275,-277,-216,-242,-49,-47,0,0,610,603,29996,29997,29998,29999]} 1. e4 c5 2. Nf3 e6 3. g3 Nc6 4. Bg2 Nf6 5. d3 d5 6. Nbd2 Be7 7. O-O O-O 8. Re1 b5 9. e5 Ne8 {[%cal Bf6e8,Be8c7,Bc7b5,Bb5c3][%mdl 32]} 10. Nf1 {LiveBook: 47 Games} Rb8 {C00: French: Unusual White 2nd moves} (10... b4 11. h4 a5 12. Bf4 a4 13. a3 bxa3 14. bxa3 Nc7 15. N1h2 Nb5 16. Ng5 h6 17. Qh5 hxg5 18. hxg5 {0-1 (37) Morozevich,A (2739)-Karjakin,S (2772) Moscow 2013}) 11. h4 a5 12. Bf4 b4 {The position is equal.} 13. N1h2 Nc7 $146 ({Predecessor:} 13... a4 14. a3 bxa3 15. bxa3 Nc7 16. Nd2 Nd4 {1-0 (36) Sanduleac,V (2484)-Padurariu,I (2099) Bucharest 2002}) 14. c3 Ba6 15. Ng5 bxc3 (15... a4 $5 16. Rc1 a3 17. bxa3 h6 18. cxb4 hxg5 19. Bxg5 Bxg5 20. hxg5 Rb5 $17) 16. bxc3 Qe8 17. Bf1 Nb5 (17... h6 $5 {[%cal Rh6g5]} 18. Ngf3 Qd8 $15) 18. Rc1 d4 19. cxd4 cxd4 $2 {[#]} (19... Nbxd4 $11 20. Ne4 Rb2) 20. Qh5 $1 $18 {[%csl Gg5][%cal Rh5h7]} Bxg5 21. hxg5 $2 (21. Bxg5 $18 {And now Bf6! would win.} Nc3 22. Qg4) 21... Nc3 $15 22. Qh3 Nb4 23. Ng4 (23. Nf3 $17) 23... Kh8 (23... Nxd3 24. Nf6+ gxf6 25. exf6 $17) (23... Bxd3 $19 {has better winning chances.} 24. Nf6+ gxf6 25. exf6 Kh8 26. Bxb8 Bxf1 27. Qxf1 Qxb8) 24. Nf6 gxf6 25. exf6 (25. g6 $17 {was forced.} fxg6 26. exf6) 25... Rg8 $19 (25... Nxd3 26. g6 $17) 26. Bxb8 Qxb8 27. Qh5 Qc7 $2 ({Not} 27... Bxd3 28. Qxf7 Bf5 29. Bc4 $11) ({Weaker is} 27... Nxd3 28. Bxd3 Bxd3 29. Qxf7 $15) (27... Nbxa2 28. Qxf7 Nxc1 29. Qxe6 $15) (27... Ncxa2 28. Rc5 $17) ({Better is} 27... Rg6 $19 28. Qg4 Qb6) 28. Rxe6 $1 $15 {Threatens to win with g6.} fxe6 29. f7 $40 {[%mdl 128] g6 is the strong threat. White is up to no good.} Ne2+ $2 {[%mdl 8192] [#]} ({But not} 29... Bxd3 $2 30. Bxd3 Nxd3 31. g6 $18) (29... Qe7 $11 30. fxg8=N Kxg8) 30. Kh2 $1 $18 Qxc1 31. g6 {[%csl Gg6][%cal Rh5h7]} h6 32. Qe5+ {Precision: White = 35%, Black = 33%.} 1-0

[Event "36th Zalakaros Festival 2017"]
[Site "Zalakaros"]
[Date "2017.05.24"]
[Round "7"]
[White "Kozak, Adam"]
[Black "Praggnanandhaa R"]
[Result "1/2-1/2"]
[WhiteElo "2411"]
[BlackElo "2471"]
[Annotator "TA"]
[PlyCount "56"]
[EventDate "2017.??.??"]
[EventType "swiss"]
[EventCountry "HUN"]
[SourceTitle "playchess.com"]
[Source "ChessBase"]
[SourceQuality "1"]

{[%evp 26,56,13,14,11,10,95,91,98,80,88,86,96,86,113,106,107,112,108,112,98,87,90,96,79,34,19,33,66,0,0,0,48]} 1. d4 Nf6 2. c4 g6 3. Nc3 d5 4. Bf4 Bg7 5. e3 O-O 6. cxd5 Nxd5 7. Nxd5 Qxd5 8. Bxc7 Na6 9. Bxa6 Qxg2 10. Qf3 Qxf3 11. Nxf3 bxa6 12. Rc1 f6 {D84: Grünfeld: 4 Bf4 Bg7 5 e3 0-0 6 cxd5} 13. Rg1 (13. b3 Rf7 14. Rg1 e5 15. dxe5 fxe5 16. Ng5 Rd7 17. Ke2 Bb7 18. Ne6 Bf6 19. Ba5 Be7 20. f3 {½-½ (42) Li,C (2720)-Vachier Lagrave,M (2804) Doha 2016}) 13... Bb7 14. Ke2 {LiveBook: 7 Games} e5 15. dxe5 Bxf3+ (15... fxe5 $11 16. Nxe5 Rf5) 16. Kxf3 $16 fxe5+ 17. Ke2 Rf7 $146 ({Predecessor:} 17... e4 18. b3 Rae8 19. Rc6 Rf6 20. Rxf6 Bxf6 {½-½ (37) Young,W-Kratochvil,J ICCF email 2007}) 18. b3 Raf8 {[#]} 19. Rgf1 $1 h5 20. Bd6 Re8 21. Bb4 Re6 22. Rc4 Ref6 23. Bc3 Rf3 24. Rc6 Kh7 25. Rc5 Rh3 26. Rh1 Rhf3 27. Rf1 Rh3 $1 28. Rh1 Rhf3 {Precision: White = 73%, Black = 52%.} 1/2-1/2

[Event "36th Zalakaros Festival 2017"]
[Site "Zalakaros"]
[Date "2017.05.24"]
[Round "7"]
[White "Manea, Alexandru"]
[Black "Paszewski, Mateusz"]
[Result "1-0"]
[WhiteElo "2410"]
[BlackElo "2327"]
[Annotator "TA"]
[PlyCount "65"]
[EventDate "2017.??.??"]
[EventType "swiss"]
[EventCountry "HUN"]
[SourceTitle "playchess.com"]
[Source "ChessBase"]
[SourceQuality "1"]

{[%evp 28,65,30,8,19,11,18,0,13,3,8,6,10,10,10,10,11,0,21,0,0,0,0,0,0,0,28,19,412,404,419,420,536,528,1022,1024,1219,1177,1158,1132]} 1. d4 d5 2. c4 c6 3. Nf3 Nf6 4. e3 Bf5 5. Nc3 e6 6. Nh4 Be4 7. Nf3 Bf5 8. Bd3 Bxd3 9. Qxd3 Nbd7 10. O-O Bd6 11. e4 dxe4 12. Nxe4 Nxe4 13. Qxe4 O-O 14. Bd2 Re8 {D12: Slav Defence: 3 Nf3 Nf6 4 e3 Bf5} 15. Bc3 {LiveBook: 3 Games} Be7 16. Rad1 {[%cal Ba1d1,Bd1d3,Bd3f3,Bf3h3][%mdl 32]} Bf6 {The position is equal.} 17. Rd3 $146 ({Predecessor:} 17. Rfe1 Qb6 18. g4 g6 19. Qf4 Bg7 20. g5 Rad8 21. h4 Qa6 22. Rc1 {1-0 (29) Pham,C (2361)-Nguyen,D (2127) Ho Chi Minh City 2013}) 17... Qc7 18. h4 b5 19. cxb5 cxb5 20. Ng5 Bxg5 21. hxg5 Qc4 {Hoping for ...Nc5!} 22. Rf3 b4 23. b3 Qb5 24. Bd2 a5 25. Qf4 Rf8 26. Rc1 Nb6 27. Rh3 $36 {[%mdl 2048] aiming for Rc5. White has some pressure.} Rac8 $2 {[%mdl 8192] [#]} (27... Rfc8 $11) 28. Rc5 $1 $18 {[%mdl 512]} Qe2 {[#]} (28... Rxc5 29. dxc5) 29. Qh4 $1 {[%csl Gh3][%cal Rh4h7]} Qd1+ 30. Kh2 {[%csl Gh3][%cal Rh4h7] White is clearly winning.} Qb1 {[#]} 31. g6 $1 {[%csl Gg6,Gh3][%cal Rh4h7]} h6 32. Bxh6 fxg6 33. Bxg7 {Precision: White = 62%, Black = 36%.} 1-0

[Event "36th Zalakaros Festival 2017"]
[Site "Zalakaros"]
[Date "2017.05.24"]
[Round "7"]
[White "Cuhendi, Sean Winshand"]
[Black "Studer, Noel"]
[Result "0-1"]
[WhiteElo "2407"]
[BlackElo "2498"]
[Annotator "TA"]
[PlyCount "72"]
[EventDate "2017.??.??"]
[EventType "swiss"]
[EventCountry "HUN"]
[SourceTitle "playchess.com"]
[Source "ChessBase"]
[SourceQuality "1"]

{[%evp 24,72,4,4,44,-12,-7,-34,-32,-46,-38,-68,-83,-272,-306,-283,-272,-331,-340,-324,-327,-334,-243,-248,-232,-230,-243,-409,-401,-432,-443,-579,-283,-295,-281,-270,-242,-531,-523,-1227,-1220,-1347,-1227,-1319,-1282,-1376,-1368,-1453,-1475,-1428,-1408]} 1. e4 e6 2. d4 d5 3. Nc3 Nf6 4. e5 Nfd7 5. f4 c5 6. Nf3 Nc6 7. Be3 a6 8. Qd2 b5 9. Nd1 {C11: French: Classical System: 4 e5 and 4 Bg5 dxe4} Qb6 10. c3 a5 11. Bd3 b4 12. O-O Ba6 13. Bxa6 {LiveBook: 7 Games} Rxa6 14. Qf2 (14. Rc1 $14) 14... Be7 $11 {[#]} 15. Qg3 $146 ({Predecessor:} 15. f5 exf5 16. Bf4 cxd4 17. cxd4 {0-1 (34) Shaposhnikov,E (2503)-Volkov,S (2582) Samara 2000}) 15... g6 16. Qh3 a4 {[%cal Ba5a4,Ba4a3][%mdl 32]} 17. Rf2 a3 18. b3 $2 (18. Qh6 $17) 18... bxc3 $19 {[%cal Rc5d4]} 19. dxc5 Qb4 ({Much less strong is} 19... Bxc5 20. Bxc5 Nxc5 21. Nxc3 $19) 20. Rc2 d4 {[%cal Bd5d4,Bd4d3][%mdl 32]} ({Not} 20... Bxc5 21. Rxc3 Bxe3+ 22. Rxe3 $17) 21. Bf2 Nxc5 22. Bh4 Ne4 23. Bxe7 Qxe7 24. Re2 Nc5 25. Nf2 $2 (25. Ne1 {was forced.}) 25... d3 26. Re3 Nb4 {[%cal Bc6b4,Bb4c2,Bc2a1][%mdl 32]} 27. Ng4 Nd7 (27... h5 $142 28. Nf6+ Kf8) 28. Nd4 {White hopes to continue with Rxd3.} Qc5 29. Rxd3 Nc2 ({Less strong is} 29... Nxd3 30. Qxd3 O-O 31. Kh1 $17) 30. Kh1 $2 (30. Rc1 {keeps fighting.} Nxd4 31. Kh1) 30... Nxa1 {Black is clearly winning.} 31. Rxc3 Qxd4 {[%cal Rd4d1] [#]} 32. Rc8+ Ke7 {[%cal Rd4d1]} 33. Qh4+ f6 34. exf6+ Nxf6 35. Rc7+ Kd6 {( -> ...Qd1+)} 36. Rc1 {[#]} Rc8 $1 {Precision: White = 16%, Black = 73%.} 0-1

[Event "36th Zalakaros Festival 2017"]
[Site "Zalakaros"]
[Date "2017.05.24"]
[Round "7"]
[White "Havasi, Gergo"]
[Black "Nemeth, Miklos"]
[Result "0-1"]
[WhiteElo "2402"]
[BlackElo "2451"]
[Annotator "TA"]
[PlyCount "168"]
[EventDate "2017.??.??"]
[EventType "swiss"]
[EventCountry "HUN"]
[SourceTitle "playchess.com"]
[Source "ChessBase"]
[SourceQuality "1"]

{[%evp 22,168,5,-5,10,0,7,3,3,8,8,3,30,33,51,43,89,54,59,27,29,0,0,0,20,16,20,-57,0,-54,0,-60,0,-50,0,-35,0,0,14,-77,39,37,37,37,37,31,27,6,76,71,31,0,2,-3,-10,0,0,0,0,0,0,-36,-59,-68,0,-8,-8,-8,-8,-8,-6,-77,-77,-53,0,0,0,-168,-157,-162,-160,-150,0,0,0,-157,-141,-1041,0,-178,0,0,0,0,0,-8,0,-8,-8,-385,-378,-827,-802,-5393,-5435,-1408,-1157,-1286,-579,-506,-504,-12828,-12790,-10206,-11866,-6912,-6365,-6275,-5632,-4569,-4452,-1594,-1203,-12796,-12802,-29979,-29951,-29978,-29979,-29979,-29980,-29980,-29981,-29981,-29982,-29982,-29983,-29983,-29984,-29985,-29986,-29986,-29984,-29984,-29985,-29988,-29989,-29994,-29995]} 1. e4 e5 2. Nf3 Nc6 3. Bb5 a6 4. Ba4 Nf6 5. O-O Be7 6. d3 b5 7. Bb3 O-O 8. a4 b4 9. Nbd2 {C84: Closed Ruy Lopez: Unusual White 6th moves} Bc5 10. Nc4 d6 11. Be3 Bxe3 12. fxe3 {LiveBook: 3 Games} Be6 13. Qe1 {[#]} Rb8 $146 ({Predecessor:} 13... a5 14. h3 Ne7 15. Nh4 Kh8 16. Rf3 Nd7 {½-½ (47) Areshchenko,A (2709)-Beliavsky,A (2628) Legnica 2013}) 14. Ncd2 Bxb3 15. Nxb3 Ne7 16. Nh4 Ng6 17. Nf5 c6 18. Qg3 Ne8 19. Rf2 f6 20. h4 {[%cal Bh2h4,Bh4h5][%mdl 32]} Ne7 21. h5 (21. Qf3 {with more complications.} Rf7 22. g4 Nc7 23. Na5 Qd7 24. Raf1) 21... Nxf5 22. exf5 Qb6 23. a5 Qa7 24. e4 (24. h6 $11) 24... Rb5 ({Black should try} 24... h6 $15) 25. Re1 (25. h6 $1 $11) 25... Rf7 (25... h6 $15) 26. Kh2 (26. h6 $11) 26... Re7 ({Better is} 26... h6 $15) 27. Rfe2 (27. h6 $5) 27... Qc7 28. d4 (28. h6 $5) 28... exd4 29. Nxd4 Rxa5 30. Ne6 (30. h6 $11) 30... Qb6 (30... Rxe6 $1 $17 31. fxe6 Rxh5+ 32. Kg1 Re5) 31. Qb3 $14 {[%mdl 1024] White has compensation.} Rf7 32. g4 h6 33. Kg2 Qb8 34. c3 {[%cal Bc2c3,Bc3c4][%mdl 32]} Rb5 (34... c5 $11 {keeps the balance.}) 35. c4 $1 $16 {[%cal Rc4b5]} Re5 36. Nf4 (36. c5 $5) 36... a5 37. Nd3 Ree7 38. c5 Kh7 39. cxd6 Nxd6 40. e5 fxe5 41. Nxe5 Rf6 42. Qf3 Qb5 (42... c5 $15) 43. Re3 a4 44. Ng6 $1 $132 {[%mdl 2048] White is not keeping still} Rxe3 45. Rxe3 b3 46. Re5 (46. Re7 $1 $11) 46... Qb4 $1 $17 47. Re3 Qd4 (47... Qb8 $1 $15) 48. Qe2 $11 c5 49. Kh3 $2 (49. Kh2 $1 $11) 49... Qd5 $1 $19 {Threatens to win with ...a3.} 50. Re5 Qh1+ 51. Kg3 Qg1+ (51... Qa8 $1 $17 {aiming for ...a3.} 52. Re6 Rxe6 53. fxe6 a3) 52. Kh3 $11 Qh1+ $2 (52... Qb1 $11 53. Re8 Qh1+ 54. Kg3 Qg1+ 55. Kh3 Qh1+ 56. Kg3 Qg1+ 57. Kh3 Nxe8 58. Qxe8 Qh1+ 59. Kg3 Qg1+ 60. Kh3 Qh1+ 61. Kg3 Qg1+ 62. Kh3) 53. Kg3 $1 $17 Qa8 54. Re7 $2 {[%mdl 8192]} (54. Re6 $17) 54... Qd5 $2 ({Black should play} 54... a3 $19 55. Qd1 a2) 55. Ra7 $2 (55. Kh2 $11) 55... Nxf5+ $2 (55... c4 $1 $19 {Strongly threatening ...Nxf5+!} 56. Qe5 Qxe5+ 57. Nxe5 Rf8 58. Rxa4 c3 $1 {[%mdl 512]}) 56. gxf5 $11 Rxf5 57. Rxa4 {next Nf4 is good for White.} Rxh5 58. Rg4 Qd6+ 59. Nf4 {And now Qe4+ would win.} Re5 60. Qf3 $2 {[%mdl 8192]} (60. Qc4 $1 $11 {and White is okay.}) 60... g5 $19 61. Kg2 $2 (61. Kh3 gxf4 62. Rxf4) 61... Qd2+ 62. Kh1 Re1+ 63. Rg1 Rxg1+ 64. Kxg1 Qxf4 {[%mdl 4096] Endgame KQ-KQ} (64... gxf4 $142 65. Qe4+ Kg7 66. Qe7+ Kg6 67. Qe8+ Kg5 68. Qg8+ Kh4) 65. Qd3+ Kg7 {( -> ...Qd4+)} 66. Qd7+ (66. Qxb3 $142 Qd4+ 67. Kg2) 66... Qf7 67. Qd6 c4 68. Qd4+ Kg8 69. Qd8+ Kh7 70. Qc8 Qd5 71. Qe8 {[#]} c3 $1 72. Qe7+ (72. bxc3 Qc4) 72... Kg6 73. Qe8+ Kg7 {Black mates.} 74. Qe7+ {[#]} Qf7 $1 75. Qe5+ Qf6 76. Qc7+ Kg6 77. bxc3 b2 78. Qb8 Qxc3 79. Qe8+ Kf5 80. Qf7+ Kg4 81. Qe6+ Kf4 82. Qf7+ Ke3 83. Qe6+ Kd2 84. Qe4 Qe3+ {Precision: White = 33%, Black = 49%.} 0-1

[Event "36th Zalakaros Festival 2017"]
[Site "Zalakaros"]
[Date "2017.05.24"]
[Round "7"]
[White "Almasi, Istvan"]
[Black "Jarmula, Lukasz"]
[Result "1/2-1/2"]
[WhiteElo "2398"]
[BlackElo "2469"]
[Annotator "TA"]
[PlyCount "114"]
[EventDate "2017.??.??"]
[EventType "swiss"]
[EventCountry "HUN"]
[SourceTitle "playchess.com"]
[Source "ChessBase"]
[SourceQuality "1"]

{[%evp 16,114,0,0,19,-4,0,0,27,-21,-22,-29,-22,-28,-22,-24,-27,-44,-37,-39,-37,-38,-38,-43,-42,-43,-42,-50,-58,-54,-43,-60,-43,-49,-43,-43,-43,-44,-44,-43,-44,-49,-44,-55,-52,-68,-71,-82,-81,-89,-12,-66,-44,-44,-44,-48,-19,-27,0,-42,-51,-55,0,0,0,0,0,0,0,0,0,0,0,0,0,0,0,0,0,0,0,0,0,0,0,0,0,0,0,0,0,0,0,0,0,0,0,0,0,0,0]} 1. d4 Nf6 2. Nf3 g6 3. Bf4 Bg7 4. e3 O-O 5. c3 d6 6. h3 c5 7. dxc5 {A48: 1 d4 Nf6 2 Nf3 g6: Torre, London and Colle Systems} dxc5 8. Qxd8 Rxd8 9. Nbd2 {LiveBook: 20 Games} Nd5 $146 ({Predecessor:} 9... Nc6 10. Bc7 Rd7 11. Bh2 Rd8 12. a4 Bd7 13. Be2 Rac8 14. a5 h6 {½-½ (36) Kamsky,G (2668)-Almasi,Z (2696) Reykjavik 2017}) 10. Be5 Bxe5 11. Nxe5 Nd7 12. Ndf3 Nxe5 13. Nxe5 Nb6 14. a4 Be6 15. a5 Nd7 16. Nxd7 Rxd7 17. Bb5 Rd6 18. Rd1 c4 19. Rxd6 exd6 $15 {[%mdl 4096] Endgame KRB-KRB} 20. Ke2 Rc8 21. Ba4 $1 Rc5 22. a6 $1 {[%cal Ra6b7]} bxa6 23. Rd1 Ra5 24. Bc6 d5 25. e4 dxe4 26. Bxe4 Rb5 27. Rd2 Kf8 28. Bc6 Re5+ 29. Kd1 Ke7 30. Rd4 Ra5 31. Kc2 Ra1 32. Bd5 Bf5+ (32... Rf1 $17 33. Bxe6 Rxf2+ 34. Kc1 Kxe6 35. Rxc4 Rxg2) 33. Be4 ({White should play} 33. Kd2 $11) 33... Rf1 34. Rxc4 Rxf2+ 35. Kc1 Bxe4 36. Rxe4+ {KR-KR} Kd6 37. g4 f5 38. gxf5 gxf5 ({Better is} 38... Rxf5 $15 39. Rd4+ Rd5) 39. Rh4 $11 {The position is equal.} f4 40. Rxh7 Ke5 41. Re7+ Kd5 42. b3 a5 (42... Rf3 $5 {[%cal Rf3c3]}) 43. h4 {[%cal Bh3h4,Bh4h5,Bh5h6,Bh6h7][%mdl 32]} a6 44. h5 Rh2 45. Kd1 Rb2 46. h6 Rxb3 47. h7 Rb8 48. Rg7 Rh8 49. Ra7 Ke4 50. Ke2 a4 51. Rxa6 Rxh7 52. Rxa4+ Kf5 53. Kf3 Rh3+ 54. Kg2 Rg3+ 55. Kf2 Kg4 (55... Rxc3 $5 {[%cal Rf5g4]} 56. Ra8 Kg4 $11) 56. Ra8 $1 Rxc3 57. Rg8+ Kf5 {Precision: White = 68%, Black = 69%.} 1/2-1/2

[Event "36th Zalakaros Festival 2017"]
[Site "Zalakaros"]
[Date "2017.05.24"]
[Round "7"]
[White "Paschall, William M"]
[Black "Pultorak, Jan"]
[Result "1/2-1/2"]
[WhiteElo "2380"]
[BlackElo "2303"]
[Annotator "TA"]
[PlyCount "39"]
[EventDate "2017.??.??"]
[EventType "swiss"]
[EventCountry "HUN"]
[SourceTitle "playchess.com"]
[Source "ChessBase"]
[SourceQuality "1"]

{[%evp 20,39,11,11,33,43,47,43,30,13,39,43,39,0,0,0,0,0,0,0,10,-6]} 1. Nf3 Nf6 2. c4 g6 3. Nc3 d5 4. cxd5 Nxd5 5. d3 Bg7 6. Bd2 Nb6 7. g3 Nc6 8. Bg2 O-O 9. O-O e5 10. Rc1 {A16: English Opening: 1...Nf6 with ...d5} Nd4 11. Ne4 {LiveBook: 3 Games} Re8 12. Nxd4 $146 {White is slightly better.} ({Predecessor:} 12. Bg5 f6 13. Be3 c6 14. Nc5 Ne6 15. a4 Nd5 16. Nxe6 Bxe6 17. Bd2 a5 {½-½ (42) Jaracz,P (2548)-Licznerski,L (2338) Chorzow 2013}) 12... exd4 13. a4 {[%cal Ba2a4,Ba4a5][%mdl 32]} Nd5 14. a5 h6 15. Qb3 Rb8 16. Qxd5 Qxd5 {[#]The position is equal.} 17. Nf6+ $1 {[%mdl 512]} Bxf6 18. Bxd5 c6 19. Bf3 Kg7 (19... Bg5 $5 {[%cal Rg5d2]} 20. Rfd1 a6 $11) 20. h4 (20. a6 $5) 1/2-1/2

[Event "36th Zalakaros Festival 2017"]
[Site "Zalakaros"]
[Date "2017.05.24"]
[Round "7"]
[White "Arman, Deniz"]
[Black "Havanecz, Bianka"]
[Result "0-1"]
[WhiteElo "2377"]
[BlackElo "2210"]
[Annotator "TA"]
[PlyCount "46"]
[EventDate "2017.??.??"]
[EventType "swiss"]
[EventCountry "HUN"]
[SourceTitle "playchess.com"]
[Source "ChessBase"]
[SourceQuality "1"]

{[%evp 24,46,-37,-51,-25,-26,-20,-33,-22,-31,-5,-37,-52,-64,-48,-342,-335,-329,-341,-2854,-2745,-2377,-2038,-2247,-2054]} 1. e4 e5 2. Nf3 Nc6 3. Bc4 Bc5 4. O-O Nf6 5. d4 Bxd4 6. Nxd4 Nxd4 7. f4 d6 8. fxe5 dxe5 9. Bg5 Qe7 10. c3 {C50: Hungarian Defence and Giuoco Pianissimo} (10. Na3 Rg8 11. Kh1 Bd7 12. Qe1 Ne6 13. Be3 a6 14. Qa5 Ng4 15. Bg1 f6 16. Rad1 Nh6 17. Nb5 b6 18. Nxc7+ Nxc7 19. Qxb6 {1-0 (35) Azarov,S (2602)-Steingrimsson,H (2550) Rockville 2015}) 10... Ne6 11. Bxf6 Qc5+ 12. Kh1 Qxc4 13. Bxe5 {LiveBook: 4 Games} Qxe4 {[#]} 14. Bxc7 $1 {[%mdl 512]} O-O ({Not} 14... Nxc7 15. Re1 $16) 15. Nd2 Qg6 16. Bg3 Ng5 $146 ({Predecessor:} 16... b6 17. Nf3 Bb7 {0-1 (40) Bonafede,A (2310)-D'Amore,C (2485) Siena 2010}) 17. Qb3 b6 {[%cal Bb7b6,Bb6b5][%mdl 32]} 18. Qb5 Bb7 19. Qd7 $2 {[%mdl 8192] [#]} (19. Qf5 $15) 19... Bxg2+ $1 $19 {[%mdl 512]} 20. Kxg2 {And now Qf5 would win.} Rad8 21. Qa4 $2 (21. Qb7 Rxd2+ 22. Rf2 Rxf2+ 23. Bxf2) 21... Rxd2+ {Black is clearly winning.} 22. Rf2 {[#]} b5 $1 {[%mdl 512] ( -> ...Qc6+)} 23. Qg4 (23. Qxb5 Qe4+) 23... h5 {Precision: White = 23%, Black = 66%.} 0-1